000 00567nam a22002057a 4500
003 OSt
005 20160307141009.0
008 160307b xxu||||| |||| 00| 0 eng d
020 _a9780521010832
040 _cDNLM
082 _aWA465 E26p 2004
100 _aEmden, H.F. van; Service, M. W.
_97097
245 _aPest and Vector Control
260 _aCambridge University Press, 2004
300 _axii,349p; ill: 23cm
504 _aAppendix, references, & index included
650 _aPest control
_97098
650 _aVector control
_97099
942 _2z
_cO_SHELF
999 _c3175
_d3175